| 000 | 00410nam a2200169Ia 4500 | ||
|---|---|---|---|
| 008 | 210210b1998 xxu||||| |||| 00| 0 eng d | ||
| 082 | _a657.042 ADIT | ||
| 100 | _aADIGA (K S). | ||
| 245 | _aText book of accountancy. V1. | ||
| 250 | _a | ||
| 260 |
_aMangalore. _bU R Shenoy & sons, _c1998 |
||
| 300 | _a492 | ||
| 440 | _a1 | ||
| 650 | _aAccountancy I PUC | ||
| 690 | _aAccountancy | ||
| 906 | _a054684 | ||
| 999 |
_c102042 _d102042 |
||